00965cam a22002531 4500001001300000003000400013005001700017008004100034010001700075035002000092040004600112042001200158050001800170110006100188245011700249260004900366300001800415490004500433490004000478610005500518830004500573830007600618999001700694sd 62000001 DLC20260227112736.0920420s1961 dcu b f000 0 eng c asd 62000001  a(OCoLC)25678216 aU.S. Dept. of State. LibrarycDSdDSdDLC apremarc00aZ6465.U5bA551 aUnited States.bDepartment of State.bHistorical Office.00aDepartment of State publications on diplomatic history, international law, and the conduct of foreign relations. a[Washington,bU.S. Govt. Print. Off.]c1961. a17 p.c21 cm.1 a[U.S.] Dept. of State. Publicationv73201 aGeneral foreign policy series,v17710aUnited States.bDepartment of StatevBibliography. 0aDepartment of State publication ;v7320. 0aDepartment of State publication.pGeneral foreign policy series ;v177. c90086d90086